000 00647nam a22002297a 4500
003 UA-OsUOA
001 34293
007 ta
008 20050927b un ||||| |||| 00| 0 ukr d
100 _aХьюз Ричард
090 _a821.111
_bХ98
942 _cBK
040 _aUA-OsUOA
_brus
_cUA-OsUOA
_dUA-OsUOA
245 _aЛисица на чердаке. Деревянная пастушка.
_bРоманы
300 _a544 с.
955 _a3
041 _arus
080 _a821.111
260 _aКишинев
_bЛумина
_c1981
650 7 _a82 Література. Літературознавство
_2UDC
999 _c320728
_d320728